00437nam a22001337a 450000500170000000800410001704100250005808200120008310000600009524501000015526000090025530000140026465000250027820231123070517.0231123b |||||||| |||| 00| 0 eng d aEnglish / Afrikaans  a342 HUM aThe Association of Law Societies lEnglish / Afrikaans  aPapers Delivered at the 15th South African Law Conference / cThe Association of Law Societies  c1996 c30,3 cm.  aLegal practice bLaw